书目信息 |
| 题名: |
体育教学组织与方法
|
|
| 作者: | 王伯中 主编 | |
| 分册: | ||
| 出版信息: | 郑州 河南科学技术出版社 |
|
| 页数: | 372页 | |
| 开本: | 32开 | |
| 丛书名: | ||
| 单 册: | ||
| 中图分类: | G807.01 | |
| 科图分类: | ||
| 主题词: | 体育理论 | |
| 电子资源: | ||
| ISBN: | 7-5349-1647-X | |
| 000 | 00564nam0 2200193 45 | |
| 001 | 0006121060 | |
| 005 | 20000612150332.1 | |
| 010 | @a7-5349-1647-X@d7.30元 | |
| 100 | @a20000612d km y0chiy0120 ea | |
| 101 | 0 | @achi |
| 105 | @a z 000yy | |
| 200 | 1 | @a体育教学组织与方法@ATi Yu Jiao Xue Zu Zhi Yu Fang Fa@f王伯中等主编@FWang Bo Zhong Deng Zhu Bian |
| 210 | @a郑州@c河南科学技术出版社 | |
| 215 | @a372页@d32开 | |
| 606 | 0 | @a体育理论 |
| 690 | @aG807.01@v3 | |
| 701 | 0 | @a王伯中@4主编 |
| 801 | @aCN@bPftUser@c20000612 | |
| 905 | @dG807.01@eW959@b204040-042@f3 | |
| 体育教学组织与方法/王伯中等主编.-郑州:河南科学技术出版社 |
| 372页;32开 |
| ISBN 7-5349-1647-X:7.30元 |
| ● |
| 相关链接 |
|
|
|
正题名:体育教学组织与方法
索取号:G807.01/W959
 
预约/预借
| 序号 | 登录号 | 条形码 | 馆藏地/架位号 | 状态 | 备注 |
| 1 | 204040 | 202040406 | 社科二线422/422社科库 32排1列4层/ [索取号:G807.01/W959] | 在馆 | |
| 2 | 204041 | 202040415 | 社科二线422/422社科库 32排1列2层/ [索取号:G807.01/W959] | 在馆 | |
| 3 | 204042 | 202040424 | 社科二线422/422社科库 32排1列2层/ [索取号:G807.01/W959] | 在馆 |